| 000 | 00842nmc a2200301 a 4500 | ||
|---|---|---|---|
| 003 | AR-BaBNM | ||
| 005 | 20251128203925.0 | ||
| 008 | 011101s1995 ||||||||||||||000 | spa|| | ||
| 020 | _a84-7112-208-1 | ||
| 040 | _cAR-BaBNM | ||
| 100 | 1 | _aGimeno Sacristán, José | |
| 245 | 1 | 0 |
_aLa pedagogía por objetivos _bobsesión por la eficacia |
| 250 | _a8ª ed. | ||
| 260 |
_aMadrid _bEdiciones Morata _c1995 |
||
| 300 |
_a176 p. _bgráfs. |
||
| 490 | 0 | _aPedagogía. La pedagogía hoy | |
| 504 | _aBibliografía p. 173-176 | ||
| 600 | 1 | 4 | _aGagné, Robert Mills |
| 650 | 4 | _aDIDACTICA | |
| 650 | 4 | _aTECNICAS DE ENSENANZA | |
| 650 | 4 | _aPROBLEMAS METODOLOGICOS | |
| 650 | 4 | _aPSICOLOGIA DE LA EDUCACION | |
| 650 | 4 | _aCONDUCTISMO | |
| 650 | 4 | _aOBJETIVOS EDUCACIONALES | |
| 653 | _aMODELOS EDUCATIVOS | ||
| 942 | _cBK | ||
| 998 | _cCarmen | ||
| 999 |
_c5485 _d5485 |
||